Modern methods of street cleaning /

Bibliographic Details
Main Author: Soper, George A. (George Albert), 1870-1948
Format: Book
Language:English
Published: New York : Engineering News Publishing Company, 1909.
Subjects:

MARC

Tag First Indicator Second Indicator Subfields
LEADER 00000cam a2200000 4500
001 in00000615313
005 20151014170022.0
008 761028s1909 nyuf 00110 eng
010 |a  09021872  
035 |a (OCoLC)02537533 
035 |9 ACS5511AM 
040 |a DLC  |c OHI  |d TXA  |d UtOrBLW 
049 |a TXAM  |c [22673] 
050 0 0 |a TD791  |b .S7 
092 |a 628.46  |b So6 
100 1 |a Soper, George A.  |q (George Albert),  |d 1870-1948. 
245 1 0 |a Modern methods of street cleaning /  |c by George A. Soper. 
264 1 |a New York :  |b Engineering News Publishing Company,  |c 1909. 
300 |a viii, 201 pages :  |b plates. ;  |c 23 cm. 
336 |a text  |b txt  |2 rdacontent 
337 |a unmediated  |b n  |2 rdamedia 
338 |a volume  |b nc  |2 rdacarrier 
500 |a Plates printed on both sides. 
650 0 |a Street cleaning. 
999 |a MARS 
999 f f |s 952f7d40-a3b5-3dea-be9d-510a63fc81f0  |i c766ad66-a492-3454-a574-edbd682d782e  |t 0 
952 f f |p ric  |a Texas A&M University  |b Rellis Campus  |c Joint Library Facility  |d Remote Storage  |t 0  |e TD791 .S7  |h Library of Congress classification  |i unmediated -- volume  |m A14805367797 
998 f f |a TD791 .S7  |t 0  |l Remote Storage